MDQL
is popping MORE tags! Check the
thread
!
Quizzes
Events
Quiz Creation
Community
Videos
Private Events
Remove Ads
Sign In
Join for FREE
Feedback
Dark Mode
Quiz Categories
Sports
Geography
Music
Movies
Television
Just For Fun
Miscellaneous
History
Literature
Language
Science
Gaming
Entertainment
Religion
Holiday
For Kids
Quiz Lab
Recent
Popular Today
Quiz Kudos Today
Editor Picks
Curator Picks
Quizzes by...
Day
Popularity
Type
Ratings
Length
Year
Community
Subscriptions
Recent Discussions
Orange Saloon
Badges
Playlists
Quests
Create
Leaderboards
Showdown
Live 5
Trivia Bingo
Activity
Puzzle Library
Sporcle Events
Private Events
Virtual Trivia
Globe League
Become a Host
Pub Owners
SporcleCon
Opinionation
Our Games
Videos
Blog
Mobile Apps
Partnerships
Remove Ads and Go Orange
Feedback
Sports
Athletes
MLB
NBA
NHL
NFL
Soccer
Sports Teams
WWE
NCAA
Football
Premier League
Basketball
Baseball
Hockey
Golf
Tennis
Cricket
Rugby
Auto Racing
Olympics
World Cup
Sports
Athletes
MLB
NBA
NHL
NFL
Soccer
Sports Teams
WWE
NCAA
Football
Premier League
Basketball
Baseball
Hockey
Golf
Tennis
Cricket
Rugby
Auto Racing
Olympics
World Cup
Random Quiz
Search Sporcle
×
Quiz Lab
Quiz Lab
Sports
USA Soccer
Type in answers that appear in a list
Type in answers that appear in a list
Classic
Best Score? Go Orange.
USA Players Capped in 2012-13 WCQ Cycle Stats
USA Players Capped in 2012-13 WCQ Cycle
By
MonkeyMan818
15m
38 Questions
143 Plays
143 Plays
143 Plays
Comments
Comments
Give Quiz Kudos
Give Quiz Kudos
-
- Ratings
hide this ad
Replay
Link that replays current quiz
Next Quiz
Link to next quiz in quiz playlist
You Got
0%
They Got
Avg Score
70%
Avg Friend Score
Upgrade to see
Score Distribution
Jump to the score distribution portion of the page
Score
0/38
Timer
15:00
0
Plays Today
# of Caps
Player Name
% Correct
14 caps
Clint Dempsey
95.8%
13 caps
Tim Howard
95.1%
5 caps
Landon Donovan
94.4%
13 caps
Jozy Altidore
93.7%
10 caps
Eddie Johnson
93%
10 caps
Michael Bradley
93%
9 caps
Fabian Johnson
92.3%
7 caps
DaMarcus Beasley
86.7%
12 caps
Jermaine Jones
86.7%
3 caps
Brad Guzan
81.1%
6 caps
Matt Besler
80.4%
12 caps
Graham Zusi
80.4%
13 caps
Geoff Cameron
77.6%
3 caps
Alejandro Bedoya
74.1%
8 caps
Omar Gonzalez
71.3%
5 caps
Kyle Beckerman
67.8%
3 caps
Mix Diskerud
67.8%
5 caps
Carlos Bocanegra
67.8%
7 caps
Clarence Goodson
67.1%
# of Caps
Player Name
% Correct
3 caps
Brek Shea
67.1%
3 caps
Terrence Boyd
65%
5 caps
Brad Evans
65%
5 caps
Steve Cherundolo
65%
8 caps
Herculez Gomez
62.9%
3 caps
Aron Johannsson
62.2%
2 caps
Joe Corona
62.2%
1 cap
Stuart Holden
61.5%
1 cap
Timmy Chandler
60.1%
1 cap
Oguchi Onyewu
60.1%
2 caps
Michael Orozco
59.4%
4 caps
Brad Davis
58%
8 caps
Maurice Edu
56.6%
2 caps
Jose Torres
55.2%
5 caps
Danny Williams
55.2%
5 caps
Sacha Kljestan
54.5%
1 cap
Alan Gordon
48.3%
4 caps
Edgar Castillo
45.5%
3 caps
Michael Parkhurst
43.4%
Quiz Playlist
Details
Report
Send in Message
Add To Playlist
Classic:
Type in answers that appear in a list
Last Updated: Feb 16, 2017
Quiz Scoreboard
CHALLENGE
Sign Up to Join the Scoreboard
Show All
Scores
Hide
Comments
May contain spoilers
Recently Published
Image Sorting: Flags VI
by Barbecue
Geography
2m
Find the 'City' Movie
by crazypaving
Movies
60s
Colored Red Africa Blitz
by spor1
Geography
45s
More to Explore
Quiz From the Vault
Featured Blog Post
14 Easter Pick-up Lines to Find Eggs With
hide this ad
You Might Also Like...
Tags
USA Soccer
usmnt
Today's Top Quizzes in Sports
Browse Sports
hide this ad
Today's Top Quizzes in USA Soccer
Browse USA Soccer
Top Contributed Quizzes in Sports
1
Les meilleurs buteurs des matchs entre le PSG et l’OM
2
Les entraîneurs de l'OM et du PSG au 21e siècle
3
2022 World Cup Stars
4
Les joueurs passés par le PSG et l'OM
5
Players with Multiple 50 Home Run Seasons
6
Criteria MLB: Left Handed Sluggers
7
FIFA Club World Cup Champions
8
Les joueurs passés par le LOSC et le RC Lens
9
NBA Logic Puzzle 2.0
10
Top 10 NHL Goal Scorers of All Time
Explore More
Trending Topics
Disney
Marvel
Crossword
Kpop
NBA
Harry Potter
Anime
Puzzle
Country
Soccer
The Office
Song
Pokémon
WWE
NFL
hide this ad
More By:
MonkeyMan818
Quiz
Plays
Rating
Category
Featured
Created
US Soccer Captains in World Cup Matches (1990-Present)
188
2.00
Sports
Dec 23, 2014
USA Players Capped in 2012-13 WCQ Cycle
143
Sports
Nov 20, 2013
Go to Creator's Profile
Score Distribution
Quiz Creator Spotlight
MonkeyMan818
Follow
Send a Message
Quizzes Created
-
Created Quiz Play Count
-
More By This Creator
Popular Quizzes Today
1
Colored Red Africa Blitz
2
Find the US States - No Outlines Minefield
3
Find the 'City' Movie
4
5x2 Blitz: Bands
5
The Countries of the World
6
Find the US States
7
Find the Countries of Europe - No Outlines Minefield
8
US States
More Sports Quizzes
Portugal 2018 FIFA World Cup Starting XIs & Substitutes
Quiz Lab
Trending Quizzes
Colored Red Europe Blitz I
Colored Red Europe Blitz II
Colored Red Africa Blitz II
Colored Red Europe Blitz III
Colored Red Africa Blitz III
Recently Updated
How Do You Spell That?
pecheneg
Godzilla Movies
pecheneg
Grab Bag: 4-10 Letters
pecheneg
2024 March Madness Bracket
pecheneg
Famous TV Couples
Peacemaker
Champions League XIs: Real Madrid
pecheneg
Largest US Cities 1790-2010
pecheneg
Rides in Walt Disney World
pecheneg
Most Oscar Losses (Acting)
pecheneg
Beyoncé Albums
pecheneg
Trending Topics
NBA
Kpop
Marvel
Crossword
Disney
Anime
Harry Potter
The Office
Puzzle
Soccer
Song
Pokémon
NFL
WWE
Country
Your Account Isn't Verified!
In order to create a playlist on Sporcle, you need to verify the email address you used during registration. Go to your
Sporcle Settings
to finish the process.
Report this User
Report this user for behavior that violates our
Community Guidelines
.
Details:
Send Report
Go to the Sporcle.com Mobile Site →
Comments